2K21 Best Players Per Team Quiz - Statistics

General Stats
  • This quiz has been taken 128 times
  • The average score is 23 of 30
Answer Stats
Hint Answer % Correct
Boston Celtics Jayson Tatum
99%
Atlanta Hawks Trae Young
99%
Brooklyn Nets Kevin Durant
97%
Los Angeles Lakers LeBron James
96%
Golden State Warriors Stephen Curry
96%
Charlotte Hornets LaMelo Ball
95%
Dallas Mavericks Luka Doncic
95%
Milwaukee Bucks Giannis Antetokounmpo
92%
Denver Nuggets Nikola Jokic
92%
Chicago Bulls Zach LaVine
91%
New Orleans Pelicans Zion Williamson
91%
Utah Jazz Donovan Mitchell
89%
Miami Heat Jimmy Butler
88%
Los Angeles Clippers Kawhi Leonard
88%
Philadelphia 76ers Joel Embiid
87%
Portland Trail Blazers Damian Lillard
86%
Minnesota Timberwolves Karl-Anthony Towns
86%
Memphis Grizzlies Ja Morant
83%
Phoenix Suns Chris Paul
80%
Sacramento Kings De'Aaron Fox
79%
New York Knicks Julius Randle
75%
Oklahoma City Thunder Shai Gilgeous-Alexander
75%
Washington Wizards Bradley Beal
73%
San Antonio Spurs DeMar DeRozan
62%
Indiana Pacers Domantas Sabonis
60%
Toronto Raptors Fred VanVleet
57%
Cleveland Cavaliers Jarrett Allen
53%
Detroit Pistons Jerami Grant
23%
Houston Rockets Christian Wood
13%
Orlando Magic Jonathan Isaac
10%
No matching quizzes found
Score Distribution
Percent of People with Each Score
Percentile by Number Answered
Your Score History
You have not taken this quiz